[Event "AUT9798"]
[Site "Fuerstenfeld"]
[Date "1998.03.06"]
[Round "9"]
[White "Rabiega, R."]
[Black "Kindermann, S."]
[Result "0-1"]
[WhiteElo "2490"]
[BlackElo "2570"]
[PlyCount "72"]
[EventDate "1998.03.08"]

1. e4 e6 2. d4 d5 3. Nc3 Bb4 4. exd5 exd5 5. Bd3 Nc6 6. a3 Bxc3+ 7. bxc3 Nf6 8.
Ne2 O-O 9. O-O Na5 10. Ng3 Re8 11. Qf3 Bg4 12. Qf4 h6 13. h3 Be6 14. Qf3 Nc4
15. Bf4 Nd6 16. Rfe1 c6 17. Nh5 Nde4 18. Nxg7 Kxg7 19. Be5 Kg8 20. Re3 Nd7 21.
Bxe4 Nxe5 22. dxe5 dxe4 23. Qxe4 Kh8 24. Rb1 b6 25. Rg3 Qd2 26. Qxc6 Rg8 27.
Rb4 Qe1+ 28. Kh2 Qxf2 29. Rbg4 Rac8 30. Qd6 Rxg4 31. hxg4 Rg8 32. Qb4 Qxc2 33.
Qf4 Kh7 34. Rh3 Rg6 35. Rh4 Qxc3 36. Qg3 Qc6 0-1

[Event "AUT9798"]
[Site "Fuerstenfeld"]
[Date "1998.03.06"]
[Round "9"]
[White "Stanec, N."]
[Black "Herndl, H."]
[Result "1/2-1/2"]
[WhiteElo "2465"]
[BlackElo "2365"]
[PlyCount "97"]
[EventDate "1998.03.08"]

1. d4 d5 2. c4 c6 3. e3 Nf6 4. Nc3 g6 5. Nf3 Bg7 6. Qb3 O-O 7. Bd2 e6 8. Be2
Nbd7 9. O-O b6 10. Rfd1 Bb7 11. Rac1 Qe7 12. Be1 Rfc8 13. a3 c5 14. cxd5 Nxd5
15. Qa2 cxd4 16. Nxd4 Nc5 17. Nxd5 Bxd5 18. Bc4 Bxc4 19. Qxc4 Qb7 20. b4 Nd7
21. Qa2 Rxc1 22. Rxc1 Bxd4 23. exd4 Nf6 24. Qc4 Nd5 25. f3 Qe7 26. Bg3 Rd8 27.
Qa6 Qd7 28. h3 f6 29. Kh1 Kf7 30. Kh2 h5 31. Qc4 Ne7 32. Qc7 Ke8 33. Qf4 Qxd4
34. Qh6 e5 35. f4 exf4 36. Bxf4 Rd7 37. Re1 g5 38. Qxh5+ Kf8 39. Qh6+ Kf7 40.
Bxg5 Nf5 41. Qh7+ Ng7 42. Bh6 Qd6+ 43. Kh1 Qg3 44. Qe4 a5 45. bxa5 bxa5 46. a4
Qd3 47. Qg4 Kg8 48. Rc1 Re7 49. Bxg7 1/2-1/2

[Event "AUT9798"]
[Site "Fuerstenfeld"]
[Date "1998.03.06"]
[Round "9"]
[White "Fahrner, K."]
[Black "Felsberger, A."]
[Result "0-1"]
[WhiteElo "2325"]
[BlackElo "2375"]
[PlyCount "110"]
[EventDate "1998.03.08"]

1. e4 c5 2. Nc3 Nc6 3. f4 g6 4. Nf3 Bg7 5. Bc4 e6 6. f5 gxf5 7. d3 Nf6 8. Bg5
Ne7 9. Qe2 O-O 10. e5 Ne8 11. O-O-O f6 12. exf6 Nxf6 13. d4 d5 14. dxc5 Qc7 15.
Bd3 Ne4 16. Na4 Nxg5 17. Nxg5 Qf4+ 18. Qd2 Qxa4 19. Rhe1 Bh6 20. g3 Qxa2 21. c3
Bd7 22. h4 Ng6 23. Qe2 Qa4 24. Qh5 Kg7 25. Kb1 Qg4 26. Qxg4 fxg4 27. Nxe6+ Bxe6
28. Rxe6 Rf6 29. Re2 Rd8 30. h5 Nf8 31. Re7+ Rf7 32. Re5 Rc7 33. Be2 Rxc5 34.
Bxg4 Rc7 35. Bf3 Kf6 36. Rde1 d4 37. cxd4 Rxd4 38. Re8 Rdc4 39. Rf1 Rc1+ 40.
Rxc1 Rxc1+ 41. Ka2 b6 42. g4 Ne6 43. Bd5 Nc7 44. g5+ Kxg5 45. Rg8+ Kxh5 46.
Bf3+ Kh4 47. Be4 Bf4 48. Bxh7 Be5 49. Rg2 Re1 50. Bf5 Nd5 51. Rg4+ Kh5 52. Ra4
a5 53. Rc4 Kg5 54. Be6 Nb4+ 55. Ka3 Bxb2+ 0-1

[Event "AUT9798"]
[Site "Fuerstenfeld"]
[Date "1998.03.06"]
[Round "9"]
[White "Watzka, H."]
[Black "Ebner, H."]
[Result "1/2-1/2"]
[WhiteElo "2370"]
[BlackElo "2295"]
[PlyCount "79"]
[EventDate "1998.03.08"]

1. e4 e6 2. d4 d5 3. Nd2 Nf6 4. Bd3 c5 5. e5 Nfd7 6. c3 cxd4 7. cxd4 Nc6 8.
Ndf3 f6 9. exf6 Nxf6 10. Ne2 Bd6 11. O-O O-O 12. Bf4 Bxf4 13. Nxf4 Qb6 14. Qd2
Kh8 15. Ne2 Bd7 16. Rae1 Rae8 17. Bb1 e5 18. dxe5 Nxe5 19. Nxe5 Rxe5 20. Nd4
Ne4 21. Bxe4 dxe4 22. Qe3 Qxb2 23. Rb1 Qxa2 24. Rxb7 Qd5 25. Rxa7 h6 26. Re1
Bg4 27. h3 Bh5 28. Qc3 Rg5 29. Re3 Rd8 30. h4 Rg6 31. Ra4 Bf3 32. g3 Qd7 33.
Qa1 Rd6 34. Nxf3 Rd1+ 35. Ne1 Rxa1 36. Rxa1 Qd4 37. Ra2 Rc8 38. Rae2 Re8 39.
Ng2 Kh7 40. Nf4 1/2-1/2

[Event "AUT9798"]
[Site "Fuerstenfeld"]
[Date "1998.03.06"]
[Round "9"]
[White "Loebler, H."]
[Black "Wittmann, W."]
[Result "1/2-1/2"]
[WhiteElo "2255"]
[BlackElo "2405"]
[PlyCount "80"]
[EventDate "1998.03.08"]

1. d4 Nf6 2. c4 g6 3. Nf3 Bg7 4. g3 d5 5. cxd5 Nxd5 6. Bg2 Nb6 7. O-O Nc6 8. e3
O-O 9. Nc3 Re8 10. Re1 e5 11. d5 Na5 12. e4 Nac4 13. a4 a5 14. b3 Nd6 15. Bg5
Bf6 16. Be3 Bd7 17. Qd3 Nbc8 18. Bc5 Bg7 19. Nd2 f5 20. Nc4 f4 21. Rac1 b6 22.
Nxd6 cxd6 23. Ba3 Rf8 24. Nb5 Qf6 25. Rc2 g5 26. Qc4 Bg4 27. Nc7 Ra7 28. Ne6
Bxe6 29. dxe6 Re7 30. Bf1 Bh6 31. Qa6 Ree8 32. Qb7 Kh8 33. Bb5 fxg3 34. hxg3
Re7 35. Qd5 Rc7 36. Bc4 Rd8 37. Qd1 Ra7 38. Bd5 Ne7 39. Bc4 Nc6 40. Bb2 Nd4
1/2-1/2

[Event "AUT9798"]
[Site "Fuerstenfeld"]
[Date "1998.03.06"]
[Round "9"]
[White "Weinzettl, E."]
[Black "Penz, H."]
[Result "1/2-1/2"]
[WhiteElo "2410"]
[BlackElo "2390"]
[PlyCount "47"]
[EventDate "1998.03.08"]

1. Nf3 Nf6 2. g3 g6 3. Bg2 Bg7 4. c4 O-O 5. d4 c5 6. O-O cxd4 7. Nxd4 Nc6 8.
Nc3 Qb6 9. Nb3 d6 10. Be3 Qd8 11. Rc1 Be6 12. Nd5 Rc8 13. Nxf6+ Bxf6 14. Nd4
Bxd4 15. Bxd4 Nxd4 16. Qxd4 b6 17. Rc3 Qd7 18. Rfc1 Rc7 19. a4 Rc5 20. e4 f6
21. f4 Kg7 22. Re1 Rd8 23. Rd3 Rcc8 24. Qe3 1/2-1/2

[Event "AUT9798"]
[Site "Fuerstenfeld"]
[Date "1998.03.06"]
[Round "9"]
[White "Dueckstein, A."]
[Black "Plank, F."]
[Result "1/2-1/2"]
[WhiteElo "2330"]
[BlackElo "2260"]
[PlyCount "32"]
[EventDate "1998.03.08"]

1. e4 d5 2. exd5 Qxd5 3. Nc3 Qa5 4. d4 Nf6 5. Nf3 Ne4 6. Bd3 Nxc3 7. Qd2 g6 8.
bxc3 Bg7 9. O-O c5 10. Re1 O-O 11. Ne5 cxd4 12. cxd4 Qxd2 13. Bxd2 Nc6 14. Nxc6
bxc6 15. c3 e5 16. Be3 Be6 1/2-1/2

[Event "AUT9798"]
[Site "Fuerstenfeld"]
[Date "1998.03.06"]
[Round "9"]
[White "Sader, M."]
[Black "Bawart, M."]
[Result "1/2-1/2"]
[WhiteElo "2280"]
[BlackElo "2325"]
[PlyCount "38"]
[EventDate "1998.03.08"]

1. c4 Nf6 2. g3 c6 3. Bg2 d5 4. Qc2 e6 5. Nf3 a5 6. O-O Na6 7. a3 b5 8. b3 Bb7
9. Bb2 Be7 10. d3 O-O 11. Nbd2 b4 12. a4 Qb6 13. e4 Rfd8 14. e5 Ne8 15. d4 c5
16. cxd5 exd5 17. dxc5 Nxc5 18. Bd4 Rac8 19. Rac1 Qh6 1/2-1/2

[Event "AUT9798"]
[Site "Fuerstenfeld"]
[Date "1998.03.06"]
[Round "9"]
[White "Janetschek, K."]
[Black "Schneider-Zinner, H."]
[Result "1/2-1/2"]
[WhiteElo "2305"]
[BlackElo "2265"]
[PlyCount "208"]
[EventDate "1998.03.08"]

1. e4 e6 2. d4 d5 3. Nd2 c5 4. Ngf3 cxd4 5. exd5 Qxd5 6. Bc4 Qd8 7. O-O a6 8.
Nb3 Nc6 9. Nbxd4 Nxd4 10. Nxd4 Bd6 11. Re1 Ne7 12. b3 O-O 13. Bg5 Qc7 14. Nf3
b5 15. Bf1 f6 16. Bd2 Rd8 17. c4 b4 18. Qc2 Bb7 19. Rxe6 Bxf3 20. gxf3 Bxh2+
21. Kh1 Be5 22. Rd1 Qd7 23. Bh3 Nc6 24. Qe4 Ne7 25. Kg2 Qc7 26. Bxb4 Ng6 27.
Bd6 Qa7 28. Bxe5 fxe5 29. Rxd8+ Rxd8 30. Rxg6 hxg6 31. Qxg6 Qe7 32. Qxa6 Rd6
33. Qc8+ Kh7 34. Qf5+ g6 35. Qe4 Rd2 36. a4 Qa7 37. Qh4+ Kg7 38. b4 Rd4 39. Qg5
Rxc4 40. Qxe5+ Kh7 41. Qb5 Qd4 42. Qd7+ Qxd7 43. Bxd7 Rxb4 44. Kg3 Kg7 45. Bc6
Kf6 46. Bb5 Ke5 47. Be8 g5 48. Bb5 Rb1 49. Be8 Rd1 50. Bb5 Kf5 51. Bc6 Rg1+ 52.
Kh2 Rc1 53. Bb7 Ra1 54. Bc6 Kf4 55. Kg2 Rc1 56. Bb7 Rc5 57. Ba6 Rc3 58. Bb7 Rb3
59. Bc6 Ra3 60. Kf1 Rc3 61. Bb7 Rb3 62. Bc6 Rb6 63. Bd5 Ra6 64. Kg2 Rxa4 65.
Bc6 Rb4 66. Bd5 Ke5 67. Be4 Kf4 68. Bd5 Rd4 69. Bc6 Rd6 70. Bb7 Rh6 71. Bc8 Ke5
72. Bb7 Kd4 73. Kg3 Rh4 74. Bc8 Rf4 75. Bb7 Kd3 76. Bc6 Ke2 77. Bd5 Kf1 78. Be6
Kg1 79. Bd5 Rh4 80. Be4 Kf1 81. Bf5 Rf4 82. Bd3+ Ke1 83. Be4 Rh4 84. Bf5 Rf4
85. Be4 Ke2 86. Bc6 Rh4 87. Be4 Rh1 88. Kg2 Ra1 89. Bf5 Ke1 90. Kg3 Ra2 91. Kg4
Rxf2 92. Kxg5 Rxf3 93. Kf6 Kd2 94. Ke5 Ke3 95. Be4 Rh3 96. Bg2 Rh5+ 97. Kd6 Kf4
98. Bb7 Rh6+ 99. Kd5 Ke3 100. Kc4 Rd6 101. Bd5 Rd8 102. Bb7 Rb8 103. Bc6 Rc8
104. Kd5 Rxc6 1/2-1/2

[Event "AUT9798"]
[Site "Fuerstenfeld"]
[Date "1998.03.06"]
[Round "9"]
[White "Hoelzl, F."]
[Black "Dizdar, G."]
[Result "0-1"]
[WhiteElo "2440"]
[BlackElo "2545"]
[PlyCount "76"]
[EventDate "1998.03.08"]

1. d4 Nf6 2. Nf3 e6 3. c4 Bb4+ 4. Bd2 c5 5. Bxb4 cxb4 6. Nbd2 O-O 7. g3 d6 8.
Bg2 Nc6 9. Nf1 e5 10. Ne3 Ng4 11. Nc2 Qb6 12. O-O Bf5 13. d5 Nb8 14. Nfe1 Bxc2
15. Nxc2 f5 16. e4 Nh6 17. exf5 Nxf5 18. Bh3 Na6 19. b3 Nc5 20. Kg2 a5 21. f4
exf4 22. Rxf4 Ne7 23. Rxf8+ Rxf8 24. Qe2 Ng6 25. Be6+ Kh8 26. Rf1 Qd8 27. Nd4
Ne5 28. h4 g6 29. Nf3 Nxf3 30. Rxf3 Rxf3 31. Qxf3 Qe7 32. h5 Kg7 33. hxg6 hxg6
34. Qe2 b6 35. Qg4 Qf6 36. Qe2 Qd4 37. Kh2 Ne4 38. Kh3 Qe5 0-1

[Event "AUT9798"]
[Site "Fuerstenfeld"]
[Date "1998.03.06"]
[Round "9"]
[White "Duer, W."]
[Black "Horvath, J."]
[Result "0-1"]
[WhiteElo "2330"]
[BlackElo "2525"]
[PlyCount "78"]
[EventDate "1998.03.08"]

1. d4 g6 2. e4 Bg7 3. Nc3 d6 4. Be3 a6 5. Nf3 b5 6. Bd3 Bb7 7. e5 Nd7 8. e6
fxe6 9. Ng5 Nf8 10. O-O Qd7 11. Re1 Nh6 12. Nce4 Nf5 13. c3 h6 14. Nf3 g5 15.
a4 bxa4 16. Rxa4 Ng6 17. Qb3 O-O 18. Ra5 Rab8 19. Qc2 g4 20. Nfd2 e5 21. d5 Nf4
22. Bc4 Kh8 23. Ng3 Nh4 24. Bxf4 exf4 25. Nge4 Qf5 26. Qd3 e6 27. b4 exd5 28.
Bxd5 Bxd5 29. Rxd5 Qf7 30. Ra1 Rxb4 31. Rxa6 Rb2 32. Raa5 Ng6 33. Rf5 Qe6 34.
Rxf8+ Nxf8 35. c4 Rb8 36. Ra7 Qe5 37. h3 g3 38. Nf3 Qb2 39. fxg3 Qb6+ 0-1

[Event "AUT9798"]
[Site "Fuerstenfeld"]
[Date "1998.03.06"]
[Round "9"]
[White "Titz, H."]
[Black "Laube, B."]
[Result "0-1"]
[WhiteElo "2285"]
[BlackElo "2280"]
[PlyCount "68"]
[EventDate "1998.03.08"]

1. c4 Nf6 2. Nc3 g6 3. e4 d6 4. d4 Bg7 5. Nf3 O-O 6. Be2 e5 7. Be3 Ng4 8. Bg5
f6 9. Bh4 Qe8 10. O-O Nc6 11. d5 Nd8 12. Nd2 Nh6 13. b4 a6 14. c5 Ndf7 15. Nc4
f5 16. f3 f4 17. cxd6 b5 18. Na5 g5 19. Bf2 Nxd6 20. a4 bxa4 21. Nxa4 g4 22.
Nc5 Qg6 23. Nc6 Bf6 24. Ne6 g3 25. Bc5 gxh2+ 26. Kh1 Ndf5 27. exf5 Nxf5 28. Bf2
Bxe6 29. dxe6 Kh8 30. Re1 Bh4 31. Nxe5 Qh5 32. g4 fxg3 33. Bd4 Bf6 34. Ra5 Qh3
0-1

[Event "AUT9798"]
[Site "Fuerstenfeld"]
[Date "1998.03.06"]
[Round "9"]
[White "Gerhold, M."]
[Black "Steflitsch, E."]
[Result "0-1"]
[WhiteElo "2270"]
[BlackElo "2305"]
[PlyCount "48"]
[EventDate "1998.03.08"]

1. e4 e5 2. Nf3 Nc6 3. Bc4 Nf6 4. d3 Bc5 5. c3 d6 6. Bb3 O-O 7. O-O a6 8. Nbd2
Ba7 9. Nc4 Be6 10. Bg5 h6 11. Bh4 g5 12. Nxg5 hxg5 13. Bxg5 Kg7 14. Kh1 Rh8 15.
Qf3 Kg6 16. Ne3 Kxg5 17. Nf5 Bxf5 18. Qxf5+ Kh6 19. Bxf7 Kg7 20. Qg6+ Kf8 21.
f4 Qe7 22. Bb3 Qg7 23. Qf5 Rh5 24. Qe6 Nd8 0-1

[Event "AUT9798"]
[Site "Fuerstenfeld"]
[Date "1998.03.06"]
[Round "9"]
[White "Schumi, M."]
[Black "Fischler, W."]
[Result "1-0"]
[WhiteElo "2245"]
[BlackElo "2355"]
[PlyCount "160"]
[EventDate "1998.03.08"]

1. e4 c5 2. Nf3 e6 3. d4 cxd4 4. Nxd4 Nf6 5. Nc3 d6 6. Be3 a6 7. f4 Qc7 8. Qf3
Nc6 9. O-O-O Be7 10. g4 Nxd4 11. Bxd4 O-O 12. g5 Nd7 13. Qh5 Qa5 14. Rd3 Re8
15. Rg1 Nf8 16. e5 Bd7 17. Rh3 d5 18. Bg2 Bc5 19. Rd1 Bc6 20. Qh4 Bxd4 21. Rxd4
Rad8 22. Kb1 Qc5 23. Rhd3 Rc8 24. Qf2 b5 25. Nd1 b4 26. Ne3 a5 27. Rd1 Bb7 28.
h4 Rc7 29. h5 Rec8 30. Bh3 a4 31. Qd2 b3 32. cxb3 axb3 33. axb3 Rc6 34. Bf1 Ba6
35. b4 Qb6 36. b5 Bxb5 37. Qb4 Rc5 38. b3 Qc6 39. Bxb5 Rxb5 40. Qa3 Qc3 41.
R4d3 Qc6 42. Rc1 Qxc1+ 43. Qxc1 Rxc1+ 44. Kxc1 Rb4 45. Ng2 h6 46. gxh6 gxh6 47.
Kc2 Nd7 48. Rc3 Kg7 49. Rc7 Nb8 50. f5 exf5 51. e6 Re4 52. Rxf7+ Kg8 53. Rxf5
Rxe6 54. Rxd5 Re2+ 55. Rd2 Re8 56. Nf4 Kg7 57. Rd6 Re5 58. Rb6 Nd7 59. Rb7 Re7
60. Kc3 Rf7 61. b4 Kf6 62. Kd4 Kf5 63. Nd3 Kg4 64. Rb5 Kg3 65. Rd5 Nf6 66. Rc5
Rd7+ 67. Kc4 Ne4 68. Rd5 Nd2+ 69. Kc5 Rc7+ 70. Kb6 Rc3 71. Ne5 Ne4 72. Nd7 Kg4
73. b5 Rc1 74. Kb7 Rb1 75. b6 Nc3 76. Rc5 Nb5 77. Rd5 Nc3 78. Rc5 Nb5 79. Nf6+
Kh4 80. Ne4 Rb4 1-0

[Event "AUT9798"]
[Site "Fuerstenfeld"]
[Date "1998.03.06"]
[Round "9"]
[White "Pilz, D."]
[Black "Petschar, K."]
[Result "0-1"]
[WhiteElo "2250"]
[BlackElo "2270"]
[PlyCount "83"]
[EventDate "1998.03.08"]

1. Nf3 d5 2. g3 c6 3. Bg2 Bg4 4. c4 e6 5. O-O Nd7 6. b3 Ngf6 7. Bb2 Bd6 8. d3
O-O 9. Nbd2 Qe7 10. Qc2 a5 11. e4 dxe4 12. dxe4 e5 13. Nh4 Bc5 14. h3 Bh5 15.
Nf5 Qd8 16. Nf3 Re8 17. Rae1 Qc7 18. Kh1 Bxf3 19. Bxf3 Nf8 20. Bg2 g6 21. Qc1
N6d7 22. Nh6+ Kg7 23. f4 f6 24. fxe5 Nxe5 25. Rxf6 Kxf6 26. Ng4+ Kg7 27. Qg5
Nfd7 28. Rd1 Bf8 29. Rxd7+ Qxd7 30. Nxe5 Rxe5 31. Qxe5+ Kf7 32. Kh2 Qe7 33. Qh8
Ke8 34. h4 a4 35. Bf6 Qf7 36. b4 Qxc4 37. Qxh7 Qf7 38. Qh8 Kd7 39. Be5 Re8 40.
Bf4 Bg7 41. Qh7 Rh8 42. Bh3+ 0-1

[Event "AUT9798"]
[Site "Fuerstenfeld"]
[Date "1998.03.06"]
[Round "9"]
[White "Hickl, J."]
[Black "Lukacs, P."]
[Result "1/2-1/2"]
[WhiteElo "2565"]
[BlackElo "2520"]
[PlyCount "41"]
[EventDate "1998.03.08"]

1. c4 Nf6 2. Nf3 c6 3. b3 d5 4. Bb2 Bg4 5. e3 e6 6. Be2 Nbd7 7. h3 Bxf3 8. Bxf3
Bd6 9. Nc3 O-O 10. O-O Qe7 11. a3 a6 12. d4 Rfe8 13. Qc2 Rad8 14. Rfd1 Bb8 15.
g3 e5 16. Bg2 e4 17. a4 Bd6 18. Qc1 h5 19. h4 Nf8 20. Ba3 N8h7 21. Bxd6 1/2-1/2

[Event "AUT9798"]
[Site "Fuerstenfeld"]
[Date "1998.03.06"]
[Round "9"]
[White "Schroll, G."]
[Black "Atlas, V."]
[Result "0-1"]
[WhiteElo "2405"]
[BlackElo "2455"]
[PlyCount "79"]
[EventDate "1998.03.08"]

1. d4 Nf6 2. c4 e6 3. Nf3 b6 4. Bf4 Bb7 5. e3 c5 6. dxc5 bxc5 7. Nc3 d6 8. Be2
Be7 9. h3 O-O 10. O-O Qb6 11. Qc2 Nc6 12. Rac1 Rfd8 13. Rfd1 Rd7 14. Rd2 Rad8
15. Rcd1 h6 16. Qb1 a6 17. Bh2 Qa7 18. a3 d5 19. cxd5 exd5 20. Bd3 d4 21. exd4
cxd4 22. Ne2 Bc5 23. Ng3 Qa8 24. Nf5 Ne7 25. Ne5 Bxg2 26. Nxd7 Rxd7 27. Nxe7+
Rxe7 28. Bf1 Be4 29. Qc1 Qd5 30. b4 Ba7 31. Qc8+ Kh7 32. Qxa6 Qf5 33. Bg2 Nd5
34. Re2 Nc3 35. Rxe4 Nxe4 36. Bxe4 Rxe4 37. Qxa7 Qxh3 38. Rf1 Rg4+ 39. Bg3 h5
40. Qb7 {Zeitueberschreitung} 0-1

[Event "AUT9798"]
[Site "Fuerstenfeld"]
[Date "1998.03.06"]
[Round "9"]
[White "Thoma, R."]
[Black "Neulinger, M."]
[Result "1/2-1/2"]
[WhiteElo "2300"]
[BlackElo "2310"]
[PlyCount "27"]
[EventDate "1998.03.08"]

1. e4 c6 2. d4 d5 3. exd5 cxd5 4. c4 Nf6 5. Nc3 Nc6 6. cxd5 Nxd5 7. Nf3 Bg4 8.
Qb3 Bxf3 9. gxf3 e6 10. Qxb7 Nxd4 11. Bb5+ Nxb5 12. Qc6+ Ke7 13. Qxb5 Qd7 14.
Nxd5+ 1/2-1/2

[Event "AUT9798"]
[Site "Fuerstenfeld"]
[Date "1998.03.06"]
[Round "9"]
[White "Posch, W."]
[Black "Feistenauer, F."]
[Result "1/2-1/2"]
[WhiteElo "2275"]
[BlackElo "2315"]
[PlyCount "23"]
[EventDate "1998.03.08"]

1. e4 d5 2. exd5 Nf6 3. Nc3 Nxd5 4. Bc4 Nb6 5. Bb3 Nc6 6. Nf3 Bf5 7. a4 a5 8.
d4 e6 9. O-O Be7 10. Bf4 O-O 11. h3 Bf6 12. Nb5 1/2-1/2

[Event "AUT9798"]
[Site "Fuerstenfeld"]
[Date "1998.03.06"]
[Round "9"]
[White "Gaertner, G."]
[Black "Wiedner, R."]
[Result "1/2-1/2"]
[WhiteElo "2340"]
[BlackElo "2230"]
[PlyCount "68"]
[EventDate "1998.03.08"]

1. d4 c5 2. c3 Qa5 3. Nf3 cxd4 4. b4 Qb6 5. Qxd4 Qxd4 6. cxd4 Nf6 7. Nc3 e6 8.
a3 a6 9. Na4 Nc6 10. Nb6 Rb8 11. Bf4 d6 12. Rc1 Nh5 13. Bd2 Nf6 14. a4 Bd7 15.
e3 Na7 16. b5 axb5 17. Nxd7 Nxd7 18. axb5 Be7 19. Bd3 d5 20. Ke2 Nc8 21. Rc2
Bd6 22. Rhc1 Ncb6 23. Ba5 Ra8 24. Bxb6 Nxb6 25. Nd2 Ba3 26. Ra1 Kd7 27. Nb3 h6
28. h4 Rhc8 29. Nc5+ Bxc5 30. Rxa8 Rxa8 31. dxc5 Na4 32. c6+ bxc6 33. Rxc6 Rb8
34. Kd2 Nb2 1/2-1/2

[Event "AUT9798"]
[Site "Fuerstenfeld"]
[Date "1998.03.06"]
[Round "9"]
[White "Horvath, T."]
[Black "Casagrande, H."]
[Result "1-0"]
[WhiteElo "2390"]
[BlackElo "2345"]
[PlyCount "65"]
[EventDate "1998.03.08"]

1. e4 d5 2. exd5 Nf6 3. d4 Nxd5 4. c4 Nb6 5. Nf3 g6 6. Be2 Bg7 7. O-O O-O 8.
Nc3 Bg4 9. c5 N6d7 10. Qb3 Qc8 11. Be3 Nc6 12. Rad1 Bxf3 13. Bxf3 e5 14. Bxc6
bxc6 15. d5 Qa6 16. dxc6 Qxc6 17. Qd5 Nb8 18. b4 a6 19. a4 Ra7 20. b5 axb5 21.
axb5 Qxd5 22. Nxd5 c6 23. b6 Rd7 24. Nb4 Rfd8 25. Ra1 f5 26. Bg5 Re8 27. Ra8
Kf7 28. Rb1 h6 29. Rxb8 Rxb8 30. Nxc6 Re8 31. Bd8 Rexd8 32. Nxd8+ Rxd8 33. c6
1-0

[Event "AUT9798"]
[Site "Fuerstenfeld"]
[Date "1998.03.06"]
[Round "9"]
[White "Roth, P."]
[Black "Danner, G."]
[Result "1/2-1/2"]
[WhiteElo "2285"]
[BlackElo "2415"]
[PlyCount "33"]
[EventDate "1998.03.08"]

1. e4 c5 2. f4 d6 3. Nf3 g6 4. Bb5+ Bd7 5. a4 Bg7 6. Qe2 Nc6 7. c3 Nf6 8. d4
cxd4 9. cxd4 d5 10. e5 Ne4 11. Nc3 Nxc3 12. bxc3 O-O 13. O-O Na5 14. Ba3 Rc8
15. Bb4 Nc4 16. Nd2 Nxd2 17. Qxd2 1/2-1/2

[Event "AUT9798"]
[Site "Fuerstenfeld"]
[Date "1998.03.06"]
[Round "9"]
[White "Schwarz, M."]
[Black "Steiner, G."]
[Result "1/2-1/2"]
[WhiteElo "2400"]
[BlackElo "2205"]
[PlyCount "53"]
[EventDate "1998.03.08"]

1. d4 d5 2. Nf3 e6 3. g3 Nf6 4. Bg2 Be7 5. O-O O-O 6. c4 dxc4 7. Qc2 a6 8. a4
Bd7 9. Qxc4 Bc6 10. Bg5 h6 11. Bxf6 Bxf6 12. Nc3 Qe8 13. e3 Nd7 14. Nd2 Nb6 15.
Qb3 Bxg2 16. Kxg2 Rb8 17. Rfc1 Qe7 18. Nde4 Rfc8 19. Rab1 Nd7 20. Ne2 c5 21.
Nxf6+ Nxf6 22. Qa3 b6 23. dxc5 Rxc5 24. Rxc5 bxc5 25. Qd3 Qb7+ 26. f3 Qc6 27.
Nc3 1/2-1/2

[Event "AUT9798"]
[Site "Fuerstenfeld"]
[Date "1998.03.06"]
[Round "9"]
[White "Tscholowitsch, C."]
[Black "Frosch, E."]
[Result "1/2-1/2"]
[WhiteElo "2215"]
[BlackElo "2310"]
[PlyCount "83"]
[EventDate "1998.03.08"]

1. d4 Nf6 2. g3 d5 3. Bg2 e6 4. Nf3 Be7 5. O-O O-O 6. c4 c6 7. Nc3 Nbd7 8. Nd2
dxc4 9. Nxc4 Nb6 10. Ne5 Nfd7 11. Nf3 a5 12. e4 a4 13. Qe2 Bb4 14. a3 Bd6 15.
Rd1 Re8 16. Be3 Qc7 17. Rac1 Qb8 18. Qd3 h6 19. Bf1 e5 20. d5 cxd5 21. Nxd5
Nxd5 22. Qxd5 Re6 23. Nd2 Bf8 24. Nc4 Nf6 25. Qd3 b5 26. Nd2 Ba6 27. Qc2 Qe8
28. Bh3 Rc8 29. Qb1 Rxc1 30. Rxc1 Rc6 31. Rxc6 Qxc6 32. Bf1 Bb7 33. Bd3 b4 34.
axb4 Bxb4 35. f3 Bc5 36. Qe1 Bb4 37. Qb1 Nd7 38. Qc2 Nc5 39. Bf1 Ne6 40. Qxc6
Bxc6 41. Nc4 f6 42. Kg2 1/2-1/2

[Event "AUT9798"]
[Site "Fuerstenfeld"]
[Date "1998.03.07"]
[Round "10"]
[White "Grosar, A."]
[Black "Volke, K."]
[Result "1/2-1/2"]
[WhiteElo "2455"]
[BlackElo "2455"]
[PlyCount "24"]
[EventDate "1998.03.08"]

1. e4 c5 2. Nf3 e6 3. c3 Nf6 4. e5 Nd5 5. Bc4 Nb6 6. Bb3 d6 7. d4 cxd4 8. cxd4
dxe5 9. Nxe5 N8d7 10. O-O Nxe5 11. dxe5 Qxd1 12. Rxd1 Bd7 1/2-1/2

[Event "AUT9798"]
[Site "Fuerstenfeld"]
[Date "1998.03.07"]
[Round "10"]
[White "Horvath, T."]
[Black "Rabiega, R."]
[Result "1/2-1/2"]
[WhiteElo "2390"]
[BlackElo "2490"]
[PlyCount "20"]
[EventDate "1998.03.08"]

1. e4 c5 2. Nf3 Nc6 3. d4 cxd4 4. Nxd4 Nf6 5. Nc3 d6 6. Bc4 Qb6 7. Nb3 e6 8.
Be3 Qc7 9. Bd3 a6 10. f4 Be7 1/2-1/2

[Event "AUT9798"]
[Site "Fuerstenfeld"]
[Date "1998.03.07"]
[Round "10"]
[White "Herndl, H."]
[Black "Danner, G."]
[Result "1-0"]
[WhiteElo "2365"]
[BlackElo "2415"]
[PlyCount "149"]
[EventDate "1998.03.08"]

1. d4 c5 2. d5 f5 3. g3 g6 4. Bg2 Bg7 5. Nh3 d6 6. O-O Nf6 7. c4 O-O 8. Nc3 Na6
9. Nf4 Nc7 10. Qc2 Rb8 11. b3 b5 12. cxb5 Nxb5 13. Nxb5 Rxb5 14. Bb2 Qb6 15.
Bc3 Ng4 16. Bxg7 Kxg7 17. e4 Rb4 18. Qc3+ Kg8 19. exf5 Bxf5 20. Rae1 Ne5 21.
Re3 c4 22. Be4 Bd7 23. Bc2 cxb3 24. Bxb3 Rc8 25. Qa1 Qd4 26. Qxd4 Rxd4 27. Ne2
Rd3 28. Rxd3 Nxd3 29. Nd4 Kf8 30. f4 Rc3 31. f5 gxf5 32. Nxf5 Bxf5 33. Rxf5+
Kg7 34. Kg2 Nc5 35. Rf3 Rc1 36. Re3 Kf7 37. Rf3+ Kg6 38. Re3 Kf6 39. Rf3+ Kg7
40. Re3 Kf8 41. Rf3+ Ke8 42. Rf2 a5 43. Bc2 h6 44. h4 Re1 45. Bg6+ Kd7 46. g4
Ne4 47. Rc2 e6 48. Bf7 exd5 49. Bxd5 Nf6 50. Bf3 Re5 51. Kg3 Ke6 52. Rc7 Rb5
53. Rg7 d5 54. Rg6 Ke5 55. Rxh6 d4 56. g5 Ne4+ 57. Bxe4 Kxe4 58. Re6+ Kd5 59.
Re8 Rb1 60. h5 Rg1+ 61. Kf4 Rf1+ 62. Kg4 d3 63. h6 Rh1 64. Kf5 Kc4 65. Rd8 Kc3
66. Kg6 d2 67. h7 Kc2 68. Kg7 d1=Q 69. Rxd1 Kxd1 70. h8=Q Rxh8 71. Kxh8 Kc2 72.
g6 Kb2 73. a4 Kb3 74. g7 Kxa4 75. g8=Q 1-0

[Event "AUT9798"]
[Site "Fuerstenfeld"]
[Date "1998.03.07"]
[Round "10"]
[White "Kotz, H. P."]
[Black "Spindelboeck, G."]
[Result "0-1"]
[WhiteElo "2275"]
[BlackElo "2200"]
[PlyCount "130"]
[EventDate "1998.03.08"]

1. e4 e6 2. d4 d5 3. e5 c5 4. c3 Qb6 5. Nf3 Nc6 6. Bd3 cxd4 7. cxd4 Bd7 8. O-O
Nxd4 9. Nxd4 Qxd4 10. Nc3 a6 11. Qe2 Ne7 12. Kh1 Nc6 13. f4 Nb4 14. Rd1 Nxd3
15. Rxd3 Qb6 16. Be3 Bc5 17. Bxc5 Qxc5 18. Qg4 g6 19. Qh4 Qe7 20. Qf2 Rc8 21.
Rad1 Bc6 22. Rh3 O-O 23. Rd4 f6 24. Re3 fxe5 25. Rxe5 Rf5 26. Rxf5 exf5 27. Qd2
Re8 28. h3 Qe1+ 29. Qxe1 Rxe1+ 30. Kh2 Kf7 31. Rd2 Ke6 32. Re2+ Rxe2 33. Nxe2
a5 34. g4 fxg4 35. hxg4 Kd6 36. Nd4 Kc5 37. Nb3+ Kb4 38. f5 gxf5 39. gxf5 a4
40. f6 Be8 41. Nd4 Kc4 42. Nf5 Kd3 43. Nd6 Bg6 44. Nxb7 Kc2 45. Nc5 d4 46. Nxa4
d3 47. Nc3 Kxb2 48. Ne4 Kxa2 49. Kg3 Bxe4 50. f7 d2 51. f8=Q d1=Q 52. Qf2+ Qc2
53. Qa7+ Kb2 54. Kf4 Bg6 55. Kg5 Qf5+ 56. Kh6 Qh5+ 57. Kg7 Qd5 58. Kh6 Bc2 59.
Qb8+ Qb3 60. Qh8+ Kb1 61. Qd4 Qe6+ 62. Kg7 Qe7+ 63. Kh6 Qf8+ 64. Kg5 Qf5+ 65.
Kh4 Qe4+ 0-1

[Event "AUT9798"]
[Site "Fuerstenfeld"]
[Date "1998.03.07"]
[Round "10"]
[White "Lukacs, P."]
[Black "Moser, G."]
[Result "1-0"]
[WhiteElo "2520"]
[BlackElo "2355"]
[PlyCount "71"]
[EventDate "1998.03.08"]

1. d4 f5 2. g3 Nf6 3. Bg2 g6 4. Nf3 Bg7 5. O-O O-O 6. c4 d6 7. d5 e5 8. dxe6
Qe7 9. Nc3 c6 10. Bf4 Rd8 11. Re1 Ne4 12. Nxe4 fxe4 13. Bg5 Bf6 14. Bxf6 Qxf6
15. Qd4 Kg7 16. Qxe4 Bxe6 17. Rad1 Na6 18. b3 d5 19. cxd5 Bxd5 20. Qb1 Nc5 21.
Nd2 Bxg2 22. Kxg2 a5 23. Ne4 Nxe4 24. Qxe4 Rxd1 25. Rxd1 Rd8 26. Rxd8 Qxd8 27.
Qe5+ Kf7 28. h4 Kg8 29. h5 gxh5 30. Qxh5 Kg7 31. Qe5+ Kf7 32. f4 Qd2 33. Kf3
Qxa2 34. Qf5+ Ke7 35. Qxh7+ Kd6 36. Qxb7 1-0